| 000 | 00949nam a2200277 i 4500 | ||
|---|---|---|---|
| 003 | EG-GICUC | ||
| 005 | 20260126135905.0 | ||
| 008 | 260126s1892 fr ||||fr|||| 00| 0 fre d | ||
| 040 |
_aEG-GiCUC _bfre _cEG-GiCUC _dEG-GiCUC _eRda |
||
| 041 | 0 | _afre | |
| 082 | 0 | 4 |
_221 _a341.851 _bDE . D |
| 092 | 0 | 4 | _221 |
| 099 | _aLaw1 12 341.851 DE . D 1892 | ||
| 100 | 1 |
_aDe Card, E. Rouard _eAuteur |
|
| 245 | 1 | 4 |
_aLes Destinées De L'arbitrage International : _bDepuis La Sentence Rendue Par Le Tribunal De Genève / _c Par E. Rouard De Card. |
| 264 | 1 |
_aParis : _bG. Pedone-lauriel, Successeur, _c1892. |
|
| 300 |
_a264 page, _c 20 cm. |
||
| 336 |
_2rda contenu _a texte |
||
| 337 |
_2rda medias _aOrdinateur |
||
| 338 |
_2 transporteur rda _a Ressource en ligne |
||
| 546 | _aTexte en français | ||
| 650 | 1 | 4 | _aDroit international privé |
| 856 | 4 | 0 | _uhttps://fll.law.cu.edu.eg/fulltext/bks/B12-01775.pdf |
| 905 | _a48 | ||
| 942 |
_2ddc _cBK _e21 _n0 |
||
| 999 |
_c59464 _d59464 |
||